A Textbook of Applied Anatomy: (Record no. 1639)

MARC details
000 -LEADER
Fixed length control field 00571nam a2200205 a 4500
003 - CONTROL NUMBER IDENTIFIER
Control field IIN
005 - DATE AND TIME OF LATEST TRANSACTION
Control field 20251029125122.0
008 - FIXED-LENGTH DATA ELEMENTS--GENERAL INFORMATION
Fixed length control field 231217s9999 xx 000 0 und d
020 ## - INTERNATIONAL STANDARD BOOK NUMBER / ISBN
Price Rs.335.00
International Standard Book Number 9789395951289
040 ## - CATALOGING SOURCE
Original cataloging agency IIN
Language of cataloging English
082 ## - DEWEY DECIMAL CLASSIFICATION NUMBER
Classification number 611
Book Number BHI
100 1# - MAIN ENTRY--PERSONAL NAME
Personal name Bhise, S.B.
245 #2 - TITLE STATEMENT
Title A Textbook of Applied Anatomy:
Sub title for B.Sc Nursing /
Statement of responsibility S.B. Bhise, A.V. Yadav & Asma Murad Mujawar
260 ## - IMPRINT
Name of publisher Nirali Prakashan:
Place of publication Pune,
Date of publication 2023.
300 ## - PHYSICAL DESCRIPTION
Page / Vol. No 266 p.
650 1# - SUBJECT ADDED ENTRY--TOPICAL TERM
Topical term Anatomy
700 1# - ADDED ENTRY--PERSONAL NAME
Personal name Yadav , A.V.
700 1# - ADDED ENTRY--PERSONAL NAME
Personal name Mujawar, Asma Murad
942 ## - ADDED ENTRY ELEMENTS (KOHA)
Koha item type Books
Holdings
Withdrawn status Lost status Source of classification Damaged status Not for loan Collection code Home library Current library Date acquired Price Total Checkouts Call number Accession number Date last seen Price effective from Koha item type Shelving location
    Dewey Decimal Classification       IDEAL INSTITUTE OF NURSING IDEAL INSTITUTE OF NURSING 17/12/2023 335.00   611 BHI D13 17/12/2023 17/12/2023 Books  
    Dewey Decimal Classification     Purches Book IDEAL INSTITUTE OF NURSING IDEAL INSTITUTE OF NURSING 11/03/2025 335.00   611 BHI 1835 03/04/2025 03/04/2025 Books General Stacks
© Ideal Institute Of Nursing, All rights reserved.         Powered by Koha